Theoretisch-praktisches Lehrbuch der Geburtshülfe für angehende Geburtshelfer

Elmentve itt :
Bibliográfiai részletek
Szerző: Horn Johann Philipp
Dokumentumtípus: Könyv
Megjelent: J. B. Wallishausser Wien 1825
Kiadás:Zweite, ganz umgearbeitete, verbesserte und vermehrte Auflage
Kulcsszavak:Szülészet
Online Access:http://misc.bibl.u-szeged.hu/45579
LEADER 00767nam a2200193 i 4500
001 misc45579
005 20200717142341.0
008 191212s1825 hu o 0|| ger d
040 |a SZTE Miscellanea Repozitórium  |b hun 
041 |a ger 
100 1 |a Horn Johann Philipp 
245 1 0 |a Theoretisch-praktisches Lehrbuch der Geburtshülfe für angehende Geburtshelfer  |h [elektronikus dokumentum] /  |c  Horn Johann Philipp 
260 |a J. B. Wallishausser  |b Wien  |c 1825 
250 |a Zweite, ganz umgearbeitete, verbesserte und vermehrte Auflage 
300 |a XVIII, 439 p.  |c 22 cm 
561 |a Poór Imre hagyaték 
591 |a Prof. Dr. Poór Ferenc ajándéka (pecsét) 
695 |a Szülészet 
856 4 0 |u http://misc.bibl.u-szeged.hu/45579/1/borklinika_051.pdf  |z Dokumentum-elérés